U.S. History Cold War Vocabulary Quiz Stats

 Plays Quiz not verified by Sporcle

Challenge
Share
Tweet
Embed
Score 0/29 Timer 06:00
0 Plays Today
% Correct
Fidel Castro
85.4%
Cold War
82.4%
glasnost and perestroika
80.8%
capitalism
79.7%
Korean War
79.7%
Bay of Pigs Invasion
79.7%
Lyndon Baines Johnson
77.4%
Afghan-Soviet War
77.4%
John Foster Dulles
76.6%
Berlin Airlift
76.6%
Cuban Missile Crisis
76.6%
containment
76.2%
Ho Chi Minh
76.2%
Vietnam War
75.9%
mutually assured destruction
75.5%
% Correct
Fall of the Berlin Wall
75.5%
John Fitzgerald Kennedy
75.1%
Mikhail Gorbachev
73.9%
Ronald Reagan
72.8%
Marshall Plan
72%
Nikita Khrushchev
72%
brinksmanship
71.6%
Dien Bien Phu
71.3%
communism
70.9%
Richard Milhous Nixon
70.5%
Dwight David Eisenhower
70.1%
Leonid Brezhnev
67.4%
socialism
60.5%
Truman Doctrine
57.9%

You're not logged in!

Compare scores with friends on all Sporcle quizzes.
Join for Free
OR
Log In

You Might Also Like...

Show Comments

Extras

Top Quizzes Today


Score Distribution

Your Account Isn't Verified!

In order to create a playlist on Sporcle, you need to verify the email address you used during registration. Go to your Sporcle Settings to finish the process.

Report this User

Report this user for behavior that violates our Community Guidelines.

Details: